| 000 | 01027nam a2200229 i 4500 | ||
|---|---|---|---|
| 001 | 64167 | ||
| 003 | ES-MaACL | ||
| 005 | 20250910213556.0 | ||
| 007 | t| | ||
| 008 | 031222s1945 sp ab |||| | spa d | ||
| 100 | 1 |
_aFlenley, R. _951179 |
|
| 245 | 1 | 0 |
_aHistoria del mundo _b: el desarrollo de la civilización occidental / _cR. Flenley, W.N. Weech ; [traducción por Juan G. de Luaces ; revisada por Enrique Bagué]. |
| 250 | _a1ª ed. | ||
| 260 |
_aBarcelona : _bIberia : _bJoaquín Gil, _c[1945] ( _fAgustín Núñez) |
||
| 300 |
_a2 v., 54 lám., map. : _bil. ; _c24 cm. |
||
| 505 | 8 |
_aContiene: I ; _tDe los principios de la civilización a fines de la Edad Media (XII, 409 p., 30 lám., 3 map. col. pleg.) - II ; _tDe la época del Renacimiento a los tiempos actuales (VII, 371 p., 24 lám., 4 map., 1 h. col. pleg.) |
|
| 650 | 7 |
_aHistoria universal _2embne _913429 |
|
| 700 | 1 |
_aLuaces, Juan G. de. _974483 |
|
| 700 | 1 |
_aBagué, Enric, _d1900-1987 _9161547 |
|
| 852 |
_aES-MaACL _jC-5262-63 |
||
| 999 |
_c64167 _d64167 |
||